| 000 | 00392 a2200085 4500 | ||
|---|---|---|---|
| 999 |
_c24775 _d24775 |
||
| 003 | WA 310 | ||
| 005 | 20240925111457.0 | ||
| 008 | 240924s2007 pl |||f u||| 000 0dpol d | ||
| 020 | _a9788327536761 | ||
| 040 |
_aWA 310 _cWA 310 |
||
| 041 |
_apol _heng |
||
| 245 | 0 | 0 |
_aProcedury badań światłowodowych podsystemów telekomunikacyjnych - Część 4-2: Zainstalowane okablowanie. Pomiary tłumienia i tłumienności odbicia w przypadku światłowodów jednomodowych = _bFibre optic communication subsystem test procedures - Part 4-2: Installed cable plant - Single mode attenuation and optical return loss measurement PN-EN 61280-4-2:2014P / _cKT nr 282. |
| 246 | 1 | 3 | _aPN-EN 61280-4-2 |
| 246 | 1 | 3 | _aPolska Norma |
| 246 | 3 | 1 | _aFibre optic communication subsystem test procedures - Part 4-2: Installed cable plant - Single mode attenuation and optical return loss measurement |
| 260 |
_aWarszawa : _bPKN, _c2014. |
||
| 300 |
_a75 stron ; _c30 cm. |
||
| 336 |
_2rdacontent _aTekst _btxt |
||
| 337 |
_2rdamedia _aBez urządzenia pośredniczącego _bn |
||
| 338 |
_2rdacarrier _aWolumin _bnc |
||
| 500 | _aWprowadza EN 61280-4-2:2014, IDT, IEC 61280-4-2:2014, IDT ; Zastępuje PN-EN 61280-4-2:2004 (U) ; Zatwierdzona 2014 r. | ||
| 500 | _aNorma Europejska EN 61280-4-2:2014 ma status Polskiej Normy. | ||
| 504 | _aBibliografia na stronie 74. | ||
| 710 |
_91107 _aPolska. _bPolski Komitet Normalizacyjny. _eInstytucja sprawcza _eWydawca |
||
| 920 | _a978-83-275-3676-1 | ||
| 942 |
_2ddc _cBK |
||